<?xml version="1.0" encoding="UTF-8"?>
<record
    xmlns:xsi="http://www.w3.org/2001/XMLSchema-instance"
    xsi:schemaLocation="http://www.loc.gov/MARC21/slim http://www.loc.gov/standards/marcxml/schema/MARC21slim.xsd"
    xmlns="http://www.loc.gov/MARC21/slim">

  <leader>00768cam a2200205Ji 4500</leader>
  <datafield tag="999" ind1=" " ind2=" ">
    <subfield code="c">3884</subfield>
    <subfield code="d">3884</subfield>
  </datafield>
  <controlfield tag="003">ALUPE UNIVERSITY COLLEGE</controlfield>
  <controlfield tag="005">20220218103927.0</controlfield>
  <controlfield tag="008">220218b           ||||| |||| 00| 0 eng d</controlfield>
  <datafield tag="020" ind1=" " ind2=" ">
    <subfield code="a">0839110677</subfield>
  </datafield>
  <datafield tag="040" ind1=" " ind2=" ">
    <subfield code="c">ALUPE UNIVERSITY COLLEGE</subfield>
  </datafield>
  <datafield tag="050" ind1="0" ind2=" ">
    <subfield code="a">QP355.2</subfield>
    <subfield code="b">.N48 1978</subfield>
    <subfield code="a">QP355.2</subfield>
  </datafield>
  <datafield tag="245" ind1="0" ind2="0">
    <subfield code="a">Neurophysiology III /</subfield>
    <subfield code="c">edited by Robert Porter.</subfield>
  </datafield>
  <datafield tag="260" ind1=" " ind2=" ">
    <subfield code="a">Baltimore :</subfield>
    <subfield code="b">University Park Press,</subfield>
    <subfield code="c">c1978.</subfield>
  </datafield>
  <datafield tag="300" ind1=" " ind2=" ">
    <subfield code="a">ix, 300 p. :</subfield>
    <subfield code="b">ill. ;</subfield>
    <subfield code="c">24 cm.</subfield>
  </datafield>
  <datafield tag="504" ind1=" " ind2=" ">
    <subfield code="a">Includes bibliographies and index.</subfield>
  </datafield>
  <datafield tag="650" ind1=" " ind2="0">
    <subfield code="a">Neurophysiology.</subfield>
    <subfield code="0">http://id.loc.gov/authorities/subjects/sh85091159</subfield>
  </datafield>
  <datafield tag="700" ind1="1" ind2=" ">
    <subfield code="a">Porter, Robert,</subfield>
    <subfield code="d">1932-</subfield>
    <subfield code="0">http://id.loc.gov/authorities/names/n88630280</subfield>
  </datafield>
  <datafield tag="830" ind1=" " ind2="0">
    <subfield code="0">http://id.loc.gov/authorities/names/n42037787</subfield>
    <subfield code="v">v. 17.</subfield>
  </datafield>
  <datafield tag="942" ind1=" " ind2=" ">
    <subfield code="2">lcc</subfield>
    <subfield code="c">BK</subfield>
  </datafield>
  <datafield tag="952" ind1=" " ind2=" ">
    <subfield code="0">0</subfield>
    <subfield code="1">0</subfield>
    <subfield code="2">lcc</subfield>
    <subfield code="4">0</subfield>
    <subfield code="7">0</subfield>
    <subfield code="a">MLIB</subfield>
    <subfield code="b">MLIB</subfield>
    <subfield code="c">OS</subfield>
    <subfield code="d">2022-02-18</subfield>
    <subfield code="e">DONATION FROM MOI UNIVERSITY</subfield>
    <subfield code="l">0</subfield>
    <subfield code="o">QP355.2 .N48 1978</subfield>
    <subfield code="p">28005456</subfield>
    <subfield code="r">2022-02-18</subfield>
    <subfield code="w">2022-02-18</subfield>
    <subfield code="y">BK</subfield>
    <subfield code="z">WO</subfield>
  </datafield>
  <datafield tag="952" ind1=" " ind2=" ">
    <subfield code="0">0</subfield>
    <subfield code="1">0</subfield>
    <subfield code="2">lcc</subfield>
    <subfield code="4">0</subfield>
    <subfield code="7">0</subfield>
    <subfield code="a">MLIB</subfield>
    <subfield code="b">MLIB</subfield>
    <subfield code="c">OS</subfield>
    <subfield code="d">2022-03-18</subfield>
    <subfield code="e">DONATION FROM MOI UNIVERSITY</subfield>
    <subfield code="l">0</subfield>
    <subfield code="o">QP355.2 .N48 1978 C2</subfield>
    <subfield code="p">28006104</subfield>
    <subfield code="r">2022-03-18</subfield>
    <subfield code="t">2</subfield>
    <subfield code="w">2022-03-18</subfield>
    <subfield code="y">BK</subfield>
    <subfield code="z">DO</subfield>
  </datafield>
  <datafield tag="952" ind1=" " ind2=" ">
    <subfield code="0">0</subfield>
    <subfield code="1">0</subfield>
    <subfield code="2">lcc</subfield>
    <subfield code="4">0</subfield>
    <subfield code="7">0</subfield>
    <subfield code="a">MLIB</subfield>
    <subfield code="b">MLIB</subfield>
    <subfield code="c">OS</subfield>
    <subfield code="d">2022-03-23</subfield>
    <subfield code="e">DONATION FROM MOI UNIVERSITY</subfield>
    <subfield code="l">0</subfield>
    <subfield code="o">QP355.2 .N48 1978 C3</subfield>
    <subfield code="p">28006769</subfield>
    <subfield code="r">2022-03-23</subfield>
    <subfield code="t">3</subfield>
    <subfield code="w">2022-03-23</subfield>
    <subfield code="y">BK</subfield>
    <subfield code="z">SM</subfield>
  </datafield>
  <datafield tag="952" ind1=" " ind2=" ">
    <subfield code="0">0</subfield>
    <subfield code="1">0</subfield>
    <subfield code="2">lcc</subfield>
    <subfield code="4">0</subfield>
    <subfield code="7">0</subfield>
    <subfield code="a">MLIB</subfield>
    <subfield code="b">MLIB</subfield>
    <subfield code="c">OS</subfield>
    <subfield code="d">2022-03-25</subfield>
    <subfield code="e">DONATION FROM MOI UNIVERSITY</subfield>
    <subfield code="l">0</subfield>
    <subfield code="o">QP355.2 .N48 1978 Vol.17 C4</subfield>
    <subfield code="p">28006846</subfield>
    <subfield code="r">2022-03-25</subfield>
    <subfield code="t">4</subfield>
    <subfield code="w">2022-03-25</subfield>
    <subfield code="y">BK</subfield>
    <subfield code="z">CM</subfield>
  </datafield>
</record>
